Random Pokemon Move Type Effectiveness - Statistics

General Stats
  • This quiz has been taken 1,732 times
  • The average score is 18 of 20
Answer Stats
Attack Type Against Pokemon Type Effectiveness % Correct
Bug attack against Dragon Neutral
100%
Bug attack against Electric Neutral
100%
Dark attack against Electric Neutral
100%
Dark attack against Ground Neutral
100%
Dark attack against Ice Neutral
100%
Fairy attack against Bug Neutral
100%
Ice attack against Dark Neutral
100%
Water attack against Poison Neutral
100%
Water attack against Dragon Not very effective
100%
Bug attack against Psychic Super effective
100%
Fighting attack against Normal Super effective
100%
Fighting attack against Rock Super effective
100%
Fire attack against Ice Super effective
100%
Grass attack against Ground Super effective
100%
Bug attack against Bug Neutral
97%
Dark attack against Grass Neutral
97%
Electric attack against Fairy Neutral
97%
Electric attack against Dark Neutral
97%
Fighting attack against Fire Neutral
97%
Fighting attack against Dragon Neutral
97%
Fire attack against Ghost Neutral
97%
Ground attack against Psychic Neutral
97%
Ground attack against Fairy Neutral
97%
Psychic attack against Rock Neutral
97%
Psychic attack against Water Neutral
97%
Rock attack against Normal Neutral
97%
Water attack against Fighting Neutral
97%
Water attack against Ghost Neutral
97%
Water attack against Steel Neutral
97%
Flying attack against Electric Not very effective
97%
Grass attack against Grass Not very effective
97%
Normal attack against Steel Not very effective
97%
Steel attack against Water Not very effective
97%
Dark attack against Psychic Super effective
97%
Fire attack against Grass Super effective
97%
Dark attack against Fire Neutral
96%
Dragon attack against Psychic Neutral
96%
Electric attack against Rock Neutral
96%
Fighting attack against Fighting Neutral
96%
Fire attack against Fairy Neutral
96%
Flying attack against Psychic Neutral
96%
Ghost attack against Rock Neutral
96%
Ground attack against Ice Neutral
96%
Normal attack against Poison Neutral
96%
Normal attack against Fairy Neutral
96%
Poison attack against Psychic Neutral
96%
Psychic attack against Fire Neutral
96%
Rock attack against Electric Neutral
96%
Rock attack against Ghost Neutral
96%
Rock attack against Psychic Neutral
96%
Water attack against Dark Neutral
96%
Grass attack against Fire Not very effective
96%
Psychic attack against Psychic Not very effective
96%
Water attack against Water Not very effective
96%
Fairy attack against Fighting Super effective
96%
Ghost attack against Ghost Super effective
96%
Ice attack against Ground Super effective
96%
Water attack against Ground Super effective
96%
Dragon attack against Poison Neutral
95%
Fairy attack against Flying Neutral
95%
Fighting attack against Water Neutral
95%
Ice attack against Normal Neutral
95%
Normal attack against Dragon Neutral
95%
Grass attack against Bug Not very effective
95%
Ground attack against Grass Not very effective
95%
Poison attack against Rock Not very effective
95%
Electric attack against Water Super effective
95%
Fire attack against Steel Super effective
95%
Ice attack against Grass Super effective
95%
Dark attack against Poison Neutral
94%
Dragon attack against Rock Neutral
94%
Electric attack against Fighting Neutral
94%
Electric attack against Steel Neutral
94%
Fire attack against Psychic Neutral
94%
Normal attack against Psychic Neutral
94%
Normal attack against Bug Neutral
94%
Normal attack against Electric Neutral
94%
Normal attack against Fighting Neutral
94%
Poison attack against Fire Neutral
94%
Rock attack against Dark Neutral
94%
Water attack against Flying Neutral
94%
Electric attack against Grass Not very effective
94%
Poison attack against Ghost Not very effective
94%
Dark attack against Dragon Neutral
93%
Dragon attack against Ice Neutral
93%
Fairy attack against Fairy Neutral
93%
Ghost attack against Dragon Neutral
93%
Ghost attack against Electric Neutral
93%
Ground attack against Water Neutral
93%
Ground attack against Dragon Neutral
93%
Ground attack against Ghost Neutral
93%
Normal attack against Ice Neutral
93%
Bug attack against Fighting Not very effective
93%
Bug attack against Steel Not very effective
93%
Dark attack against Fighting Not very effective
93%
Fairy attack against Fire Not very effective
93%
Fighting attack against Bug Not very effective
93%
Fighting attack against Fairy Not very effective
93%
Flying attack against Steel Not very effective
93%
Grass attack against Steel Not very effective
93%
Fighting attack against Steel Super effective
93%
Grass attack against Rock Super effective
93%
Poison attack against Fairy Super effective
93%
Rock attack against Flying Super effective
93%
Dark attack against Bug Neutral
92%
Fairy attack against Normal Neutral
92%
Fairy attack against Rock Neutral
92%
Bug attack against Fairy Not very effective
92%
Fighting attack against Flying Not very effective
92%
Ice attack against Ice Not very effective
92%
Poison attack against Poison Not very effective
92%
Rock attack against Steel Not very effective
92%
Bug attack against Grass Super effective
92%
Ice attack against Flying Super effective
92%
Psychic attack against Poison Super effective
92%
Steel attack against Fairy Super effective
92%
Water attack against Rock Super effective
92%
Bug attack against Normal Neutral
91%
Dragon attack against Electric Neutral
91%
Dragon attack against Fighting Neutral
91%
Electric attack against Normal Neutral
91%
Electric attack against Ghost Neutral
91%
Fighting attack against Grass Neutral
91%
Fighting attack against Ground Neutral
91%
Fire attack against Poison Neutral
91%
Fire attack against Dark Neutral
91%
Flying attack against Water Neutral
91%
Grass attack against Ice Neutral
91%
Normal attack against Dark Neutral
91%
Normal attack against Flying Neutral
91%
Poison attack against Dragon Neutral
91%
Rock attack against Rock Neutral
91%
Steel attack against Ghost Neutral
91%
Water attack against Electric Neutral
91%
Water attack against Ice Neutral
91%
Water attack against Normal Neutral
91%
Water attack against Psychic Neutral
91%
Bug attack against Flying Not very effective
91%
Electric attack against Electric Not very effective
91%
Fairy attack against Steel Not very effective
91%
Ice attack against Steel Not very effective
91%
Water attack against Grass Not very effective
91%
Fairy attack against Dark Super effective
91%
Ice attack against Dragon Super effective
91%
Dark attack against Rock Neutral
90%
Dark attack against Water Neutral
90%
Dragon attack against Fire Neutral
90%
Dragon attack against Ground Neutral
90%
Dragon attack against Normal Neutral
90%
Dragon attack against Dark Neutral
90%
Electric attack against Fire Neutral
90%
Electric attack against Poison Neutral
90%
Fire attack against Normal Neutral
90%
Flying attack against Fairy Neutral
90%
Ghost attack against Fighting Neutral
90%
Ghost attack against Fire Neutral
90%
Psychic attack against Dragon Neutral
90%
Steel attack against Fighting Neutral
90%
Steel attack against Psychic Neutral
90%
Dragon attack against Steel Not very effective
90%
Fire attack against Dragon Not very effective
90%
Grass attack against Flying Not very effective
90%
Rock attack against Ground Not very effective
90%
Steel attack against Steel Not very effective
90%
Steel attack against Fire Not very effective
90%
Electric attack against Flying Super effective
90%
Fighting attack against Dark Super effective
90%
Ghost attack against Psychic Super effective
90%
Grass attack against Water Super effective
90%
Psychic attack against Fighting Super effective
90%
Steel attack against Rock Super effective
90%
Bug attack against Ground Neutral
89%
Dragon attack against Water Neutral
89%
Fairy attack against Ground Neutral
89%
Fairy attack against Electric Neutral
89%
Flying attack against Ice Neutral
89%
Ice attack against Bug Neutral
89%
Normal attack against Normal Neutral
89%
Normal attack against Grass Neutral
89%
Poison attack against Normal Neutral
89%
Steel attack against Ground Neutral
89%
Water attack against Bug Neutral
89%
Bug attack against Fire Not very effective
89%
Electric attack against Dragon Not very effective
89%
Grass attack against Dragon Not very effective
89%
Flying attack against Bug Super effective
89%
Ground attack against Fire Super effective
89%
Water attack against Fire Super effective
89%
Bug attack against Water Neutral
88%
Dark attack against Normal Neutral
88%
Fairy attack against Psychic Neutral
88%
Fire attack against Ground Neutral
88%
Flying attack against Normal Neutral
88%
Flying attack against Dragon Neutral
88%
Grass attack against Fairy Neutral
88%
Ground attack against Dark Neutral
88%
Ice attack against Fighting Neutral
88%
Normal attack against Fire Neutral
88%
Poison attack against Dark Neutral
88%
Poison attack against Fighting Neutral
88%
Poison attack against Flying Neutral
88%
Dark attack against Fairy Not very effective
88%
Fairy attack against Poison Not very effective
88%
Fire attack against Fire Not very effective
88%
Fire attack against Rock Not very effective
88%
Grass attack against Poison Not very effective
88%
Ice attack against Fire Not very effective
88%
Normal attack against Rock Not very effective
88%
Bug attack against Dark Super effective
88%
Dragon attack against Dragon Super effective
88%
Fighting attack against Ice Super effective
88%
Flying attack against Fighting Super effective
88%
Ground attack against Rock Super effective
88%
Fairy attack against Ice Neutral
87%
Fire attack against Flying Neutral
87%
Ghost attack against Ground Neutral
87%
Psychic attack against Flying Neutral
87%
Psychic attack against Ice Neutral
87%
Psychic attack against Normal Neutral
87%
Rock attack against Dragon Neutral
87%
Ground attack against Bug Not very effective
87%
Fire attack against Bug Super effective
87%
Bug attack against Ice Neutral
86%
Bug attack against Rock Neutral
86%
Dark attack against Steel Neutral
86%
Dragon attack against Ghost Neutral
86%
Dragon attack against Bug Neutral
86%
Electric attack against Psychic Neutral
86%
Fire attack against Electric Neutral
86%
Ghost attack against Grass Neutral
86%
Ghost attack against Ice Neutral
86%
Ghost attack against Flying Neutral
86%
Grass attack against Psychic Neutral
86%
Ice attack against Poison Neutral
86%
Ice attack against Psychic Neutral
86%
Ice attack against Rock Neutral
86%
Ice attack against Ghost Neutral
86%
Psychic attack against Electric Neutral
86%
Psychic attack against Grass Neutral
86%
Rock attack against Fairy Neutral
86%
Steel attack against Poison Neutral
86%
Bug attack against Ghost Not very effective
86%
Fire attack against Water Not very effective
86%
Steel attack against Electric Not very effective
86%
Ground attack against Steel Super effective
86%
Rock attack against Fire Super effective
86%
Dragon attack against Grass Neutral
85%
Fairy attack against Grass Neutral
85%
Fighting attack against Electric Neutral
85%
Flying attack against Flying Neutral
85%
Flying attack against Ground Neutral
85%
Ground attack against Normal Neutral
85%
Ground attack against Fighting Neutral
85%
Steel attack against Dragon Neutral
85%
Ice attack against Water Not very effective
85%
Flying attack against Grass Super effective
85%
Rock attack against Bug Super effective
85%
Electric attack against Ice Neutral
84%
Grass attack against Dark Neutral
84%
Psychic attack against Bug Neutral
84%
Psychic attack against Fairy Neutral
84%
Psychic attack against Ground Neutral
84%
Psychic attack against Steel Not very effective
84%
Rock attack against Fighting Not very effective
84%
Electric attack against Bug Neutral
83%
Fire attack against Fighting Neutral
83%
Grass attack against Normal Neutral
83%
Grass attack against Electric Neutral
83%
Ground attack against Ground Neutral
83%
Poison attack against Ice Neutral
83%
Steel attack against Flying Neutral
83%
Dark attack against Dark Not very effective
83%
Flying attack against Rock Not very effective
83%
Poison attack against Ground Not very effective
83%
Ground attack against Electric Super effective
83%
Dragon attack against Flying Neutral
82%
Ghost attack against Water Neutral
82%
Grass attack against Ghost Neutral
82%
Rock attack against Water Neutral
82%
Bug attack against Poison Not very effective
82%
Fairy attack against Dragon Super effective
82%
Fairy attack against Ghost Neutral
81%
Flying attack against Dark Neutral
81%
Ghost attack against Steel Neutral
81%
Poison attack against Bug Neutral
81%
Steel attack against Dark Neutral
81%
Fighting attack against Psychic Not very effective
81%
Ghost attack against Dark Not very effective
81%
Fairy attack against Water Neutral
80%
Flying attack against Poison Neutral
80%
Ghost attack against Poison Neutral
80%
Poison attack against Water Neutral
80%
Psychic attack against Ghost Neutral
80%
Fighting attack against Poison Not very effective
80%
Dark attack against Ghost Super effective
80%
Rock attack against Ice Super effective
80%
Flying attack against Fire Neutral
79%
Ice attack against Electric Neutral
79%
Poison attack against Electric Neutral
79%
Steel attack against Grass Neutral
79%
Steel attack against Ice Super effective
79%
Water attack against Fairy Neutral
78%
Normal attack against Ghost Worst
78%
Ghost attack against Bug Neutral
77%
Normal attack against Water Neutral
77%
Normal attack against Ground Neutral
77%
Poison attack against Steel Worst
77%
Ghost attack against Fairy Neutral
76%
Grass attack against Fighting Neutral
76%
Steel attack against Bug Neutral
76%
Steel attack against Normal Neutral
76%
Rock attack against Poison Neutral
75%
Ground attack against Poison Super effective
75%
Ghost attack against Normal Worst
75%
Dark attack against Flying Neutral
74%
Flying attack against Ghost Neutral
74%
Dragon attack against Fairy Worst
74%
Rock attack against Grass Neutral
73%
Poison attack against Grass Super effective
72%
Fighting attack against Ghost Worst
71%
Psychic attack against Dark Worst
70%
Ice attack against Fairy Neutral
68%
Electric attack against Ground Worst
64%
Ground attack against Flying Worst
63%
No matching quizzes found
Score Distribution
Percent of People with Each Score
Percentile by Number Answered
Your Score History
You have not taken this quiz